Augustów - quiz wielokrotnego wyboru - Statystyki

Ogólne statystyki
  • Ten quiz został rozwiązany 42 razy
  • Średni wynik to 6 z 10
Statystyki odpowiedzi
Zagadnienie Odpowiedź % Poprawnych
W jakim województwie leży Augustów? podlaskie
100%
Jak nazywa się powiat, którego siedzibą jest Augustów? augustowski
89%
Augustów miał być areną Mistrzostw Świata w 1942 roku, w jakiej dyscyplinie? kajakarstwo
89%
Jaka rzeka przepływa przez Augustów? Netta
86%
Które z podanych miast jest położone najbliżej Augustowa? Suwałki
77%
Do którego z podanych państw jest najbliżej z Augustowa? Białoruś
60%
Która z podanych stacji kolejowych istnieje/znajduje się w Augustowie? Augustów Port
49%
W którym roku Augustów otrzymał prawa miejskie? 1557
40%
Przez miasto przebiega jaka droga krajowa? DK nr 61
37%
Z którym z podanych miast Augustów nie ma współpracy? Białystok
23%
Nie znaleziono quizów pasujących do podanych kryteriów
Rozkład punktacji
Procent ludzi z każdym wynikiem
Percentyl według liczby udzielonych odpowiedzi
Twoja historia wyników
Nie rozwiązałeś tego quizu